[Event "Titled Tuesday intern op 31st May Early"]
[Site "Chess.com INT"]
[Date "2022.05.31"]
[Round "5"]
[White "Kuznetsov, Mikhail V"]
[Black "Atanejhad, Sahebali"]
[Result "1-0"]
[WhiteElo "2234"]
[BlackElo "2123"]
[PlyCount "139"]
[EventDate "2022.05.31"]
[EventType "swiss (blitz)"]
[EventRounds "11"]
[EventCountry "USA"]
[SourceTitle "CBM 208 Extra"]
[Source "ChessBase"]
[SourceDate "2022.07.31"]
[SourceVersion "1"]
[SourceVersionDate "2022.07.31"]
[SourceQuality "1"]

1. Nf3 Nf6 2. g3 c5 3. Bg2 g6 4. 0-0 Bg7 5. d4 cxd4 6. Nxd4 0-0 7. c4 Nc6 8. Nc3 Nxd4 9. Qxd4 Qa5 10. b3 d6 11. Bb2 Qh5 12. Nd5 Re8 13. Nc7 Bh3 14. Nxa8 Rxa8 15. Qh4 Qxh4 16. gxh4 Bxg2 17. Kxg2 Rc8 18. Bxf6 Bxf6 19. Rad1 Bxh4 20. Rd5 a6 21. a4 Bf6 22. Rfd1 h5 23. f4 Rc6 24. e4 Kf8 25. e5 dxe5 26. fxe5 Bh4 27. Rd7 Rb6 28. R1d3 Re6 29. Rxb7 Rxe5 30. b4 Re4 31. c5 Rc4 32. Rb6 g5 33. c6 g4 34. b5 axb5 35. axb5 Rc2+ 36. Kf1 Rf2+ 37. Ke1 Rxh2+ 38. Kd1 g3 39. Rb8+ Kg7 40. Rxg3+ Bxg3 41. b6 Bxb8 42. c7 Bxc7 43. bxc7 Rh1+ 44. Kc2 Rh2+ 45. Kb3 Rh3+ 46. Kb4 Rh4+ 47. Kb5 Rd4 48. c8Q Rd6 49. Qh3 Kg6 50. Kc5 Re6 51. Kd5 Kg5 52. Qg3+ Kf6 53. Kd4 Kf5 54. Qf3+ Kg6 55. Qf4 Rf6 56. Qg3+ Kh6 57. Ke4 Re6+ 58. Kd5 Rg6 59. Qf4+ Kg7 60. Ke5 Re6+ 61. Kd5 Rd6+ 62. Kc5 Rf6 63. Qg5+ Rg6 64. Qxh5 Re6 65. Kd4 Kf6 66. Qh6+ Kf5 67. Qh7+ Kf6 68. Kd3 Rd6+ 69. Ke4 Ke6 70. Qf5# 1-0

[Event "Titled Tuesday intern op 10th May Late"]
[Site "Chess.com INT"]
[Date "2022.05.10"]
[Round "3"]
[White "Atanejhad, Sahebali"]
[Black "Bashirli, Nail Qoshqar"]
[Result "0-1"]
[WhiteElo "2123"]
[BlackElo "2365"]
[PlyCount "124"]
[EventDate "2022.05.10"]
[EventType "swiss (blitz)"]
[EventRounds "11"]
[EventCountry "USA"]
[SourceTitle "CBM 208 Extra"]
[Source "ChessBase"]
[SourceDate "2022.07.31"]
[SourceVersion "1"]
[SourceVersionDate "2022.07.31"]
[SourceQuality "1"]

1. d4 e6 2. Nf3 Nf6 3. c4 c5 4. d5 b5 5. Bg5 d6 6. e4 exd5 7. cxd5 b4 8. a3 Be7 9. Bxf6 Bxf6 10. Qc2 0-0 11. Bd3 Nd7 12. 0-0 b3 13. Qe2 Re8 14. Nbd2 Rb8 15. Nc4 Nb6 16. Nfd2 Nxd5 17. g3 Ba6 18. Rfd1 Nc7 19. Qh5 g6 20. Qf3 Ne6 21. e5 dxe5 22. Ne4 Bg7 23. Ncd6 Re7 24. Bxa6 Nd4 25. Qd3 Rb6 26. Bc4 Rxd6 27. Nxd6 Qxd6 28. Bxb3 Rb7 29. Ba2 Qc6 30. Qc4 Bf6 31. Rxd4 exd4 32. Re1 Kg7 33. Rc1 Be7 34. Qxd4+ cxd4 35. Rxc6 Rxb2 36. Bc4 Bxa3 37. Rc7 Kf6 38. Rxf7+ Ke5 39. Rxa7 Bc5 40. Ra5 Kd6 41. Ra6+ Bb6 42. Kf1 g5 43. Bd3 h5 44. Ra8 Rb3 45. Ke2 Rb2+ 46. Kf3 g4+ 47. Ke4 Rxf2 48. Rh8 Rxh2 49. Rh6+ Kc5 50. Rh8 Rh1 51. Rc8+ Kd6 52. Rh8 Re1+ 53. Kf4 Re3 54. Bb5 Bc7 55. Rh6+ Kc5+ 56. Kf5 Kxb5 57. Rh7 Re5+ 58. Kg6 Bd6 59. Rxh5 Rxh5 60. Kxh5 d3 61. Kxg4 d2 62. Kf3 d1Q+ 0-1

[Event "Titled Tuesday intern op 10th May Late"]
[Site "Chess.com INT"]
[Date "2022.05.10"]
[Round "5"]
[White "Atanejhad, Sahebali"]
[Black "Stanisz, Patryk"]
[Result "1-0"]
[WhiteElo "2123"]
[BlackElo "2199"]
[PlyCount "95"]
[EventDate "2022.05.10"]
[EventType "swiss (blitz)"]
[EventRounds "11"]
[EventCountry "USA"]
[SourceTitle "CBM 208 Extra"]
[Source "ChessBase"]
[SourceDate "2022.07.31"]
[SourceVersion "1"]
[SourceVersionDate "2022.07.31"]
[SourceQuality "1"]

1. d4 d5 2. Nf3 Nf6 3. c4 c6 4. Qc2 dxc4 5. Qxc4 Nbd7 6. g3 Nb6 7. Qc2 g6 8. Bg2 Bg7 9. 0-0 0-0 10. Rd1 Bf5 11. Qb3 Qc8 12. a4 Nbd5 13. Ne5 Be6 14. Qc2 Nd7 15. Nxd7 Qxd7 16. a5 Bh3 17. e4 Bxg2 18. Kxg2 Nb4 19. Qa4 Na6 20. Nc3 Rad8 21. Be3 Qe6 22. f3 f5 23. e5 Nc7 24. f4 Nd5 25. Bf2 Nxc3 26. bxc3 Qd5+ 27. Kg1 e6 28. c4 Qf3 29. Ra3 Qg4 30. Kg2 g5 31. h3 Qe2 32. Re3 Qb2 33. Qb3 Qxb3 34. Rxb3 Rf7 35. Rdb1 gxf4 36. Rxb7 fxg3 37. Kxg3 f4+ 38. Kf3 Rdf8 39. Rxf7 Rxf7 40. Rb8+ Bf8 41. d5 cxd5 42. cxd5 exd5 43. e6 Re7 44. Bc5 Rxe6 45. Rxf8+ Kg7 46. Rxf4 Ra6 47. Bb4 Kg6 48. Rd4 1-0

[Event "Titled Tuesday intern op 10th May Late"]
[Site "Chess.com INT"]
[Date "2022.05.10"]
[Round "4"]
[White "Ladan, Nicholas John"]
[Black "Atanejhad, Sahebali"]
[Result "1-0"]
[WhiteElo "2105"]
[BlackElo "2123"]
[PlyCount "51"]
[EventDate "2022.05.10"]
[EventType "swiss (blitz)"]
[EventRounds "11"]
[EventCountry "USA"]
[SourceTitle "CBM 208 Extra"]
[Source "ChessBase"]
[SourceDate "2022.07.31"]
[SourceVersion "1"]
[SourceVersionDate "2022.07.31"]
[SourceQuality "1"]

1. d4 Nf6 2. Nf3 c5 3. e3 d5 4. Be2 Nc6 5. b3 Bg4 6. Bb2 g6 7. 0-0 Bg7 8. dxc5 0-0 9. Ne5 Bxe2 10. Qxe2 Nxe5 11. Bxe5 Qa5 12. Bd4 Ne4 13. a3 e5 14. b4 Qc7 15. Bb2 b6 16. Nd2 bxc5 17. Nxe4 dxe4 18. Qc4 Rac8 19. b5 Qb7 20. Rfd1 Kh8 21. Rd5 Qe7 22. Rad1 f5 23. Rd7 Qg5 24. Rxg7 Kxg7 25. Bxe5+ Kh6 26. Bf4 1-0

[Event "Titled Tuesday intern op 26th Apr Late"]
[Site "Chess.com INT"]
[Date "2022.04.26"]
[Round "5"]
[White "Hardaway, Brewington"]
[Black "Atanejhad, Sahebali"]
[Result "1-0"]
[WhiteElo "2177"]
[BlackElo "2123"]
[PlyCount "75"]
[EventDate "2022.04.26"]
[EventType "swiss (blitz)"]
[EventRounds "11"]
[EventCountry "USA"]
[SourceTitle "CBM 208 Extra"]
[Source "ChessBase"]
[SourceDate "2022.07.31"]
[SourceVersion "1"]
[SourceVersionDate "2022.07.31"]
[SourceQuality "1"]

1. Nf3 Nf6 2. e3 c5 3. d4 cxd4 4. exd4 g6 5. c4 Bg7 6. Nc3 0-0 7. d5 Na6 8. Be3 d6 9. h3 Nc5 10. Be2 Nfe4 11. Nxe4 Nxe4 12. Bd4 Qa5+ 13. Kf1 e5 14. dxe6 Bxe6 15. Bxg7 Kxg7 16. Qd4+ Nf6 17. g4 h6 18. a3 Rac8 19. b4 Qb6 20. Qxb6 axb6 21. Rc1 Bxc4 22. Rxc4 Rxc4 23. Bxc4 Rc8 24. Nd2 d5 25. Bb3 Rc1+ 26. Kg2 Rc3 27. Re1 Rd3 28. Re2 b5 29. f3 Nd7 30. a4 bxa4 31. Bxa4 Nb6 32. Bc2 Rc3 33. Nb3 Nc4 34. Nd4 Ra3 35. Kf2 b6 36. Bb3 Nd6 37. Ra2 Rxb3 38. Nxb3 1-0

[Event "Titled Tuesday intern op 26th Apr Early"]
[Site "Chess.com INT"]
[Date "2022.04.26"]
[Round "5"]
[White "Janaszak, Dawid"]
[Black "Atanejhad, Sahebali"]
[Result "1-0"]
[WhiteElo "2334"]
[BlackElo "2123"]
[PlyCount "49"]
[EventDate "2022.04.26"]
[EventType "swiss (blitz)"]
[EventRounds "11"]
[EventCountry "USA"]
[SourceTitle "CBM 208 Extra"]
[Source "ChessBase"]
[SourceDate "2022.07.31"]
[SourceVersion "1"]
[SourceVersionDate "2022.07.31"]
[SourceQuality "1"]

1. e4 c5 2. Nc3 g6 3. Bc4 e6 4. d4 Bg7 5. Nb5 d5 6. exd5 exd5 7. Bxd5 Qa5+ 8. Nc3 cxd4 9. Qf3 Be6 10. Bxe6 fxe6 11. Qxb7 dxc3 12. b4 Qe5+ 13. Ne2 Ne7 14. Qxa8 Nec6 15. Bf4 Qd5 16. Bxb8 Qd2+ 17. Kf1 0-0 18. Qxc6 Rxb8 19. Qxe6+ Kh8 20. Qe4 Rf8 21. h4 h5 22. Rh3 Rd8 23. Rd3 Rxd3 24. Qxd3 Bh6 25. Qxd2 1-0

[Event "Titled Tuesday intern op 26th Apr Early"]
[Site "Chess.com INT"]
[Date "2022.04.26"]
[Round "1"]
[White "Oganian, Miran"]
[Black "Atanejhad, Sahebali"]
[Result "1-0"]
[WhiteElo "2437"]
[BlackElo "2123"]
[PlyCount "75"]
[EventDate "2022.04.26"]
[EventType "swiss (blitz)"]
[EventRounds "11"]
[EventCountry "USA"]
[SourceTitle "CBM 208 Extra"]
[Source "ChessBase"]
[SourceDate "2022.07.31"]
[SourceVersion "1"]
[SourceVersionDate "2022.07.31"]
[SourceQuality "1"]

1. e4 c5 2. Nf3 g6 3. d4 cxd4 4. Qxd4 Nf6 5. e5 Nc6 6. Qa4 Nd5 7. Qe4 Ndb4 8. a3 d5 9. Qe2 Na6 10. b4 Nc7 11. g3 Bg7 12. Bg2 0-0 13. 0-0 Bg4 14. Bb2 Ne6 15. Rd1 d4 16. h3 Bxf3 17. Bxf3 Nxe5 18. Bxb7 Rb8 19. Bg2 Qc7 20. Bd5 Qd7 21. Bxe6 Qxe6 22. Bxd4 Rbd8 23. Nc3 Rxd4 24. Rxd4 Nf3+ 25. Qxf3 Bxd4 26. Rd1 Bxc3 27. Qxc3 Qxh3 28. Qe5 e6 29. c4 Qg4 30. Rd4 Qf3 31. Qe3 Qf5 32. c5 Qb1+ 33. Kg2 Qb2 34. Rc4 Rc8 35. c6 Qa2 36. Qd3 Qa1 37. Qd7 Rf8 38. c7 1-0